00532nam a2200157Ia 450000500170000000800410001704100080005808200160006610000260008224500260010826000500013430000090018465000310019399900190022495201310024320250729165748.0250729s2003 xx 000 0 und d aeng a001.51 BALP aBalaguru Samy9232385 aProgramming with Java aNew DelhibTata MC Graw Hill Publishingc2003 a453p aComputer Education9232386 c239756d239756 00104070aALbALd2025-07-29eManagement Bookg170.00l0o001.51 BALPpBED05075r2025-07-29 16:57:48v170.00w2025-07-29yBK